| 000 | 00381 a2200145 4500 | ||
|---|---|---|---|
| 003 | OSt | ||
| 005 | 20231109113535.0 | ||
| 008 | 231109b |||||||| |||| 00| 0 eng d | ||
| 040 | _coclc | ||
| 082 |
_a894.8124 _bTHA/K |
||
| 245 | _aKarmaveethiyil kaalnoottandu / | ||
| 260 | _c2001. | ||
| 300 | _a187p | ||
| 942 |
_2ddc _cBK _h894.8124 _iTHA/K _k894.8124 _mTHA/K |
||
| 999 |
_c42985 _d42985 |
||